The spoilage yeast zygosaccharomyces bailii forms mitotic spores : A screening method for haploidization /
محفوظ في:
| مؤلفون آخرون: | , , , , , |
|---|---|
| التنسيق: | مقال |
| اللغة: | English |
| الموضوعات: | |
| الوسوم: |
إضافة وسم
لا توجد وسوم, كن أول من يضع وسما على هذه التسجيلة!
|
| Thư viện lưu trữ: | Thư viện Trường Đại học Đà Lạt |
|---|
| LEADER | 01113nam a2200373 4500 | ||
|---|---|---|---|
| 001 | DLU090092053 | ||
| 005 | ##20091201 | ||
| 040 | # | # | |a DLU |b eng |
| 041 | # | # | |a eng |
| 044 | # | # | |a us |
| 245 | # | # | |a The spoilage yeast zygosaccharomyces bailii forms mitotic spores : A screening method for haploidization / |c Fernando Rodrigues ... [et al.]. |
| 653 | # | # | |a Benomyl |
| 653 | # | # | |a Chromosome |
| 653 | # | # | |a Isolation |
| 653 | # | # | |a Mutants |
| 653 | # | # | |a Spores |
| 653 | # | # | |a Yeast |
| 653 | # | # | |a Zygosaccharomyces bailii |
| 700 | # | # | |a Corte-Real, Manuela. |
| 700 | # | # | |a Leao, Cecilia. |
| 700 | # | # | |a Ludovico, Paula. |
| 700 | # | # | |a Rodrigues, Fernando. |
| 700 | # | # | |a Sousa, Maria Joao. |
| 700 | # | # | |a Steensma, H. Yde. |
| 773 | # | # | |t Applied and Environmental Microbiology |g Vol. 69, no. 1 (January 2003), p. 649-653 |
| 920 | # | # | |a Phòng Tạp chí -- Trung tâm Thông tin - Thư viện Trường Đại học Đà Lạt |
| 994 | # | # | |a DLU |
| 900 | # | # | |a True |
| 911 | # | # | |a Trương Bảo Trâm Anh |
| 925 | # | # | |a G |
| 926 | # | # | |a A |
| 927 | # | # | |a BB |
| 980 | # | # | |a Thư viện Trường Đại học Đà Lạt |